logo

Bir Sreshtho Munshi Abdur Rouf Library
Jhenaidah Cadet College

ছোটদের ইমাম গাযযালী / (Record no. 2566)

MARC details
000 -LEADER
fixed length control field 00682nam a2200229 a 4500
001 - CONTROL NUMBER
JCCL Control Number 2566
003 - CONTROL NUMBER IDENTIFIER
JCCL marc code BD-JhCC
005 - DATE AND TIME OF LATEST TRANSACTION
control field 20180306185853.0
008 - FIXED-LENGTH DATA ELEMENTS--GENERAL INFORMATION
fixed length control field 171104s1964 bg |||| ||a| 000 0 ben d
035 ## - SYSTEM CONTROL NUMBER
system control number (BD-JhCC) 2566
040 ## - CATALOGING SOURCE
Original cataloging agency BD-JhCC
Modifying agency BD-JhCC
041 ## - LANGUAGE CODE
Language code of Book ben
082 ## - DEWEY DECIMAL CLASSIFICATION NUMBER
Classification number 297.18
Author mark and Year GAZ 1964
100 ## - MAIN ENTRY--PERSONAL NAME
Personal name গাযযালী, ইমাম
245 ## - TITLE STATEMENT
Title ছোটদের ইমাম গাযযালী /
Statement of responsibility, etc ইমাম গাযযালী
260 ## - PUBLICATION, DISTRIBUTION, ETC. (IMPRINT)
Place of publication, distribution, etc ঢাকা :
Name of publisher, distributor, etc আহম্মদ পাবলিশিং হাউস ,
Date of publication, distribution, etc 1964
300 ## - PHYSICAL DESCRIPTION
Pagination 45 p .:
Dimensions 18 cm .
600 ## - SUBJECT ADDED ENTRY--PERSONAL NAME
Personal name Imam Gazzali
650 ## - SUBJECT ADDED ENTRY--TOPICAL TERM
Topical term or geographic name as entry element Biography
942 ## - ADDED ENTRY ELEMENTS (KOHA)
Source of classification or shelving scheme Dewey Decimal Classification
Koha item type Books
Holdings
Source of classification or shelving scheme Damaged status Not for loan Home library Current library Shelving location Date of accession Total Checkouts Full call number Barcode Date last seen Copy number Koha item type
Dewey Decimal Classification     JCC Rouf Library JCC Rouf Library General Stacks 11/04/2017   297.18 GAZ 1964 4218 11/04/2017 C- 1 Books

JCC Library | Contacts | JCC Home

Last Update on 23 September 2017
Copyright @ 2017-2020 JCC Rouf Library
Rouf Library, Jhenidah Cadet College (JCC), Bangladesh